Vista normal Vista MARC

Entrada Materia (personas)

Número de registros utilizados en: 1

001 - CONTROL NUMBER

  • control field: 65066

003 - CONTROL NUMBER IDENTIFIER

  • control field: Co-BoUCM

005 - DATE AND TIME OF LATEST TRANSACTION

  • control field: 20141006081726.0

008 - FIXED-LENGTH DATA ELEMENTS

  • fixed length control field: 141006|| aca||aabn | a|a d

040 ## - CATALOGING SOURCE

  • Original cataloging agency: Co-BoUCM
  • Transcribing agency: Co-BoUCM

100 ## - HEADING--PERSONAL NAME

  • Personal name: Gironda, García de
  • Dates associated with a name: 1552-1619

670 ## - SOURCE DATA FOUND

  • Source citation: Work cat.: (Co-BoUCM)72883: Gironda, García de 1552-1619 , Tractatus de explicatione privilegiorum... omnibus in jure versantibus utilissimus, 1617